| 000 | 00679nam a2200181Ia 4500 | ||
|---|---|---|---|
| 008 | 220217s9999||||xx |||||||||||||| ||eng|| | ||
| 082 | _aRK.0309 | ||
| 100 |
_aKhan, Muniza R. _uA.N.Sinha Institute of Social Studies _vPatna, Bihar |
||
| 245 | 0 |
_aUnderstanding causes and extent of crimes against Dalit and Muslim women in Varanasi district, Uttar Pradesh / _cMuniza R. Khan |
|
| 260 |
_aNew Delhi : _bIndian Council of Social Science Research, _c2016 |
||
| 300 | _a130p. | ||
| 536 | _aIndian Council of Social Science Research | ||
| 546 | _aEnglish | ||
| 650 | _a Muslim women | ||
| 650 | _aDalit women | ||
| 650 |
_aWomen _xCrimes against _zIndiaUttar Pradesh |
||
| 942 | _cRP | ||
| 999 |
_c27377 _d27377 |
||